Perspectives on Human rights / (Record no. 65925)

MARC details
000 -LEADER
fixed length control field 00615nam a22001697a 4500
005 - DATE AND TIME OF LATEST TRANSACTION
control field 20120501152529.0
020 ## - INTERNATIONAL STANDARD BOOK NUMBER
International Standard Book Number 818656280X
Terms of availability 00.00
035 ## - SYSTEM CONTROL NUMBER
System control number B-30983
037 ## - SOURCE OF ACQUISITION
Stock number DPL
Source of stock number/acquisition ENG
245 ## - TITLE STATEMENT
Title Perspectives on Human rights /
Statement of responsibility, etc edited by Abdulrahim P. Vijapur and Kumar Suresh
260 ## - PUBLICATION, DISTRIBUTION, ETC. (IMPRINT)
Place of publication, distribution, etc New Delhi
Name of publisher, distributor, etc Manak Publications
Date of publication, distribution, etc 1999
300 ## - PHYSICAL DESCRIPTION
Extent xii, 402p.
Dimensions 18 cms.
700 ## - ADDED ENTRY--PERSONAL NAME
Personal name Vijapur, Abdulrahim P.
9 (RLIN) 46152
700 ## - ADDED ENTRY--PERSONAL NAME
Personal name Kumar Suresh
9 (RLIN) 46153
942 ## - ADDED ENTRY ELEMENTS (KOHA)
Source of classification or shelving scheme Dewey Decimal Classification
Item type English Books
Classification part 323
Call number suffix PER
Holdings
Withdrawn status Lost status Not for loan Collection code Home library Current library Date acquired Cost, normal purchase price Full call number Barcode Cost, replacement price Koha item type
      Non-fiction Sarojini Nagar Sarojini Nagar 01/05/2012 0.00 323 PER B-30983 0.00 English Books

© Delhi Public Library
Hit Counter
free hit counter